000 00854nam a2200241Ia 4500
003 GCL
008 140319s9999 xx 000 0 ara d
040 _aGCL /
_cGCL
082 0 4 _aق
_b962.064
_bم ح
100 1 _aمحمد حسنين هيكل
245 1 0 _aالحل والحرب /
_cمحمد حسنين هيكل
250 _aالاولى
260 _aبيروت :
_bشركة المطبوعات للتوزيع والنشر ،
_c1983
300 _a222 ص ؛
_c24سم
650 0 4 _aالولايات المتحدة الامريكية
650 0 4 _aاسرائيل
650 0 4 _aاتفاقيات كامب ديفيد
650 0 4 _aكارتر (1981-1976)
650 0 4 _aمصر - الاحوال السياسية
650 0 4 _aمصر - تاريخ - العصر الحديث
650 0 4 _aمصر - السياسة الخارجية
942 _2ddc
_cBK
999 _c35638
_d35638